Missing Word: FOX Shows (2000s) Quiz Stats

Quiz Updated Oct 14, 2016

Challenge
Share
Tweet
Embed
Score 0/19 Timer 02:00
0 Plays Today
Television Series Missing Word % Correct
_____ IdolAmerican
99%
So You Think You Can _____Dance
95.7%
Are You Smarter Than A _____ Grader5th
94.8%
Arrested _____Development
92.3%
_____ in the MiddleMalcolm
91.1%
The Bernie _____ ShowMac
85.4%
_____ KitchenHell's
82.8%
The Simple _____Life
61.4%
'Til _____Death
57.7%
_____ BreakPrison
51.8%
Television Series Missing Word % Correct
_____ to MeLie
45.8%
American _____!Dad
45.3%
Temptation _____Island
43.8%
_____ PublicBoston
39%
Wanda at _____Large
31.1%
_____ ConfidentialKitchen
30.3%
_____ CallingTru
30.2%
_____ AngelDark
30.2%
The _____ GunmenLone
29.1%

Today's Daily Dose

Missing Word
Law Misconceptions

Word Ladder
Easy Math

On This Day
January 20th

You're not logged in!

Compare scores with friends on all Sporcle quizzes.
Sign Up with Email
OR
Log In

You Might Also Like...

Show Comments

Extras

Top Quizzes Today


Score Distribution

Your Account Isn't Verified!

In order to create a playlist on Sporcle, you need to verify the email address you used during registration. Go to your Sporcle Settings to finish the process.